|
|
|
|
| LEADER |
02472nam a22005415i 4500 |
| 001 |
978-3-642-13048-9 |
| 003 |
DE-He213 |
| 005 |
20151204161916.0 |
| 007 |
cr nn 008mamaa |
| 008 |
100528s2010 gw | s |||| 0|eng d |
| 020 |
|
|
|a 9783642130489
|9 978-3-642-13048-9
|
| 024 |
7 |
|
|a 10.1007/978-3-642-13048-9
|2 doi
|
| 040 |
|
|
|d GrThAP
|
| 050 |
|
4 |
|a HF54.5-54.56
|
| 072 |
|
7 |
|a KJQ
|2 bicssc
|
| 072 |
|
7 |
|a UF
|2 bicssc
|
| 072 |
|
7 |
|a BUS083000
|2 bisacsh
|
| 072 |
|
7 |
|a COM039000
|2 bisacsh
|
| 082 |
0 |
4 |
|a 650
|2 23
|
| 082 |
0 |
4 |
|a 658.05
|2 23
|
| 245 |
1 |
0 |
|a Advances in Enterprise Engineering IV
|h [electronic resource] :
|b 6th International Workshop, CIAO! 2010, held at DESRIST 2010, St. Gallen, Switzerland, June 4-5, 2010. Proceedings /
|c edited by Antonia Albani, Jan L. G. Dietz.
|
| 264 |
|
1 |
|a Berlin, Heidelberg :
|b Springer Berlin Heidelberg,
|c 2010.
|
| 300 |
|
|
|a XV, 93 p. 37 illus.
|b online resource.
|
| 336 |
|
|
|a text
|b txt
|2 rdacontent
|
| 337 |
|
|
|a computer
|b c
|2 rdamedia
|
| 338 |
|
|
|a online resource
|b cr
|2 rdacarrier
|
| 347 |
|
|
|a text file
|b PDF
|2 rda
|
| 490 |
1 |
|
|a Lecture Notes in Business Information Processing,
|x 1865-1348 ;
|v 49
|
| 505 |
0 |
|
|a Enterprise Ontology -- Aligning the Constructs of Enterprise Ontology and Normalized Systems -- Towards a G.O.D. Organization for Organizational Self-Awareness -- Organizational Modeling -- Understanding the Realization of Organizations -- A Bottom-Up Competency Modeling Approach -- System Development -- Context-Aware Collaborative Platform in Rural Living Labs -- A Formal Approach to Architectural Descriptions – Refining the ISO Standard 42010.
|
| 650 |
|
0 |
|a Business.
|
| 650 |
|
0 |
|a Information technology.
|
| 650 |
|
0 |
|a Business
|x Data processing.
|
| 650 |
|
0 |
|a Software engineering.
|
| 650 |
|
0 |
|a Application software.
|
| 650 |
1 |
4 |
|a Business and Management.
|
| 650 |
2 |
4 |
|a IT in Business.
|
| 650 |
2 |
4 |
|a Computer Appl. in Administrative Data Processing.
|
| 650 |
2 |
4 |
|a Information Systems Applications (incl. Internet).
|
| 650 |
2 |
4 |
|a Software Engineering.
|
| 700 |
1 |
|
|a Albani, Antonia.
|e editor.
|
| 700 |
1 |
|
|a Dietz, Jan L. G.
|e editor.
|
| 710 |
2 |
|
|a SpringerLink (Online service)
|
| 773 |
0 |
|
|t Springer eBooks
|
| 776 |
0 |
8 |
|i Printed edition:
|z 9783642130472
|
| 830 |
|
0 |
|a Lecture Notes in Business Information Processing,
|x 1865-1348 ;
|v 49
|
| 856 |
4 |
0 |
|u http://dx.doi.org/10.1007/978-3-642-13048-9
|z Full Text via HEAL-Link
|
| 912 |
|
|
|a ZDB-2-SCS
|
| 950 |
|
|
|a Computer Science (Springer-11645)
|